000 01221naa a22002537a 4500
001 BR9603075
003 BR-BrBNA
005 20240918181501.0
007 ta
008 230509b bl.||||| |||| 00| 0 por d
040 _aBR-BrBNA
_bpor
_cBiblioteca Nacional de Agricultura
041 _a(Pt)
072 _aP01
090 _aP01 BR9603075
100 1 _aMilano, M.S.
245 1 _aUnidades de conservacao no Brasil: o desafio de sua efetiva operacionalizacao
260 3 _aSao Paulo, SP (Brasil):
_c1993.
500 _aAnais: 1. Congresso Florestal Panamericano, 7. Congresso Florestal Brasileiro. Floresta para o desenvolvimento: politica, ambiente, tecnologia e mercado. Conferencias, paineis, trabalhos de posicao e convidados, v. 3 Sao Paulo, SP (Brasil): 1993. p. 116-121 (BR9603075-AM)P01
650 _aFloresta
650 _aPreservacao da Natureza
773 0 _tAnais: 1. Congresso Florestal Panamericano, 7. Congresso Florestal Brasileiro. Floresta para o desenvolvimento: politica, ambiente, tecnologia e mercado. Conferencias, paineis, trabalhos de posicao e convidados, v. 3
_wP01 BR9603075
_gSao Paulo, SP (Brasil), 1993. p. 116-121
909 _a202404
_bLucia
_c55
_dLucia Elande
942 _cAM
_2AGRIS
999 _c325437
_d325437